000 00915nam a2200217Ia 4500
999 _c40154
_d40154
001 6760
003 GE_BSU
005 20191206162514.0
008 181216s1960||||g |||||||||||||| ||geo||
040 _cGE_BSU
041 _ageo
080 _a821.11-91-144 გ-23
100 _aგაჩეჩილაძე, გივი.
_95703
245 _aთარგმანები :
_bინგლისური ხალხური ბალადები /
_cგივი გაჩეჩილაძე ; რედ. თ. კოპლატაძე.
264 _aთბილისი :
_bსაბჭ.მწერალი,
_c1960.
300 _a224 გვ. ;
_c17 სმ.
653 _aთარგმანები
653 _aინგლისური ხალხური ბალადები
700 _aკოპლატაძე, თ.
_eრედაქტორი
_93651
942 _cBK
_2udc